| 000 | 00527nam a22001817a 4500 | ||
|---|---|---|---|
| 999 |
_c127333 _d127333 |
||
| 005 | 20210111154519.0 | ||
| 010 | _aA-878413 | ||
| 020 |
_c95.00 _a8172401019 |
||
| 035 | _aA-878413 | ||
| 037 | _bCen Lib/Ret | ||
| 082 |
_a658.3 _bMAN |
||
| 245 |
_aManaging people successfully : _cedited by Sara P.Noble _b47 proven ideas / |
||
| 260 |
_bGlobal Business Press _c1992 |
||
| 300 |
_axii,130p. _c18(Hb) |
||
| 650 | _aPersonnel management. | ||
| 700 |
_aNoble,Sara P. _920180 |
||
| 942 |
_2ddc _cEN _h658.3 _mMAN |
||